Specification for vertical air photography for mapping , mosaicing and general interpretation (Record no. 92481)
[ view plain ]
| 000 -LEADER | |
|---|---|
| fixed length control field | 00922cam a2200289 4500 |
| 008 - FIXED-LENGTH DATA ELEMENTS--GENERAL INFORMATION | |
| fixed length control field | 090401t1989 xxu||||| |||| 00| 0 eng d |
| 020 ## - INTERNATIONAL STANDARD BOOK NUMBER | |
| International Standard Book Number | 0854064281 |
| 035 ## - SYSTEM CONTROL NUMBER | |
| System control number | (Sirsi) u49074 |
| 041 ## - LANGUAGE CODE | |
| Language code of text/sound track or separate title | eng |
| 050 ## - LIBRARY OF CONGRESS CALL NUMBER | |
| Classification number | 526.982 |
| 090 ## - LOCALLY ASSIGNED LC-TYPE CALL NUMBER (OCLC); LOCAL CALL NUMBER (RLIN) | |
| Classification number (OCLC) (R) ; Classification number, CALL (RLIN) (NR) | RICS 1989/63ABCD |
| 110 ## - MAIN ENTRY--CORPORATE NAME | |
| Corporate name or jurisdiction name as entry element | Royal Institution of Chartered Surveyors |
| 9 (RLIN) | 4900 |
| 245 ## - TITLE STATEMENT | |
| Title | Specification for vertical air photography for mapping , mosaicing and general interpretation |
| 250 ## - EDITION STATEMENT | |
| Edition statement | 3rd ed. |
| 260 ## - PUBLICATION, DISTRIBUTION, ETC. | |
| Place of publication, distribution, etc. | London |
| Name of publisher, distributor, etc. | Surveyors Publications |
| Date of publication, distribution, etc. | 1989 |
| 300 ## - PHYSICAL DESCRIPTION | |
| Extent | 13p. ; 30cm. |
| 350 ## - PRICE (NR) (BK AM CF MU VM SE) [OBSOLETE] | |
| Price | 25 |
| 520 ## - SUMMARY, ETC. | |
| Summary, etc. | SUPERSEDED BY 2001/33 "Vertical aerial photography and derived digital imagery" ISBN 0854069976 |
| 650 ## - SUBJECT ADDED ENTRY--TOPICAL TERM | |
| Topical term or geographic name entry element | AERIAL PHOTOGRAPHY |
| 650 ## - SUBJECT ADDED ENTRY--TOPICAL TERM | |
| Topical term or geographic name entry element | MAPPING |
| 650 ## - SUBJECT ADDED ENTRY--TOPICAL TERM | |
| Topical term or geographic name entry element | LAND SURVEYING |
| 690 ## - LOCAL SUBJECT ADDED ENTRY--TOPICAL TERM (OCLC, RLIN) | |
| Topical term or geographic name as entry element | GEOMATICS |
| 9 (RLIN) | 6242 |
| 710 ## - ADDED ENTRY--CORPORATE NAME | |
| Corporate name or jurisdiction name as entry element | British Air Survey Association |
| 9 (RLIN) | 1547 |
| 710 ## - ADDED ENTRY--CORPORATE NAME | |
| Corporate name or jurisdiction name as entry element | Royal Photographic Society |
| 9 (RLIN) | 1793 |
| 942 ## - ADDED ENTRY ELEMENTS (KOHA) | |
| Suppress in OPAC | 0 |
| 948 ## - LOCAL PROCESSING INFORMATION (OCLC); SERIES PART DESIGNATOR (RLIN) | |
| c (OCLC) | 04/03/1997 |
| Withdrawn status | Lost status | Source of classification or shelving scheme | Damaged status | Not for loan | Home library | Current library | Shelving location | Date acquired | Cost, normal purchase price | Total Checkouts | Full call number | Barcode | Date last seen | Copy number | Cost, replacement price | Price effective from | Koha item type | Date last checked out |
|---|---|---|---|---|---|---|---|---|---|---|---|---|---|---|---|---|---|---|
| Dewey Decimal Classification | London | London | RICS Boxes | 14/09/1999 | 25.00 | RICS 1989/63 | 30016309 | 06/08/2019 | 1 | 25.00 | 06/08/2019 | Reference material | ||||||
| Dewey Decimal Classification | London | London | RICS Boxes | 26/02/2008 | RICS 1989/63 | 30016310 | 06/08/2019 | 2 | 06/08/2019 | Book | ||||||||
| Dewey Decimal Classification | London | London | RICS Boxes | 14/09/1999 | 25.00 | 2 | RICS 1989/63 | 30016311 | 06/08/2019 | 3 | 25.00 | 06/08/2019 | Book | 07/09/2000 | ||||
| Dewey Decimal Classification | London | London | RICS Boxes | 14/09/1999 | 25.00 | RICS 1989/63 | 30022747 | 06/08/2019 | 4 | 25.00 | 06/08/2019 | Archive |